Największe miasta w Chorwacji - Statystyki

Ogólne statystyki
  • Ten quiz został rozwiązany 54 razy
  • Średni wynik to 4 z 5
Statystyki odpowiedzi
Odpowiedź Liczba mieszkańców % Poprawnych
Zagrzeb 769,944
100%
Split 161,312
94%
Rijeka 108,622
69%
Zadar 70,829
63%
Osijek 96,848
51%
Nie znaleziono quizów pasujących do podanych kryteriów
Rozkład punktacji
Procent ludzi z każdym wynikiem
Percentyl według liczby udzielonych odpowiedzi
Twoja historia wyników
Nie rozwiązałeś tego quizu